LIBRARY & INFORMATION CENTRE, KCAET, TAVANUR

ONLINE PUBLIC ACCESS CATALOGUE (OPAC)

Methods in food and dairy microbiology / (Record no. 7202)

MARC details
000 -LEADER
fixed length control field 00957cam a2200169ua 4500
020 ## - INTERNATIONAL STANDARD BOOK NUMBER
ISBN 0-87055-411-5
041 ## - LANGUAGE CODE
Language code of text/sound track or separate title eng
082 ## - DEWEY DECIMAL CLASSIFICATION NUMBER
Classification number 028.72637
Item number DIL/ME
100 ## - MAIN ENTRY--AUTHOR NAME
Personal name Diliello, Leo R .
245 ## - TITLE STATEMENT
Title Methods in food and dairy microbiology /
260 ## - PUBLICATION, DISTRIBUTION, ETC. (IMPRINT)
Place of publication Connecticut :
Name of publisher A.V.I Publishing company ,
Year of publication 1982.
300 ## - PHYSICAL DESCRIPTION
Number of Pages 142 ; .
942 ## - ADDED ENTRY ELEMENTS (KOHA)
Koha item type Books
Holdings
Withdrawn status Lost status Damaged status Home library Current library Shelving location Date acquired Full call number Accession Number Koha item type
      KAUAET KAUAET General Stacks 31/03/1987 028.72637 16343 Books
free website counter